|
LDR
| 01874nam a2200577 a 4500 |
|---|
| 001 | 52044 |
|---|
| 003 | CZ-PrJAB |
|---|
| 005 | 20230419112610.0 |
|---|
| 007 | ta |
|---|
| 008 | 110930s2011 xr f 000 0 cze |
|---|
| 015 | | . |
‡acnb002234376 |
|---|
| 020 | | . |
‡a978-80-260-0097-6
‡q(brož.) |
|---|
| 035 | | . |
‡a(CZ PrNK)nkc20112234376 |
|---|
| 035 | | . |
‡a(OCoLC)794207482 |
|---|
| 040 | | . |
‡aABA001
‡bcze |
|---|
| 072 | | 7. |
‡a316.4/.7
‡xSociální interakce. Sociální komunikace
‡2Konspekt
‡918 |
|---|
| 080 | | . |
‡a179.8
‡2MRF |
|---|
| 080 | | . |
‡a323.14
‡2MRF |
|---|
| 080 | | . |
‡a316.647.5
‡2MRF |
|---|
| 080 | | . |
‡a316.624
‡2MRF |
|---|
| 080 | | . |
‡a316.773.3/.4
‡2MRF |
|---|
| 080 | | . |
‡a316.772.4
‡2MRF |
|---|
| 080 | | . |
‡a316.776.3
‡2MRF |
|---|
| 080 | | . |
‡a165.423
‡2MRF |
|---|
| 080 | | . |
‡a(048.8:082)
‡2MRF |
|---|
| 245 | 0 | 0. |
‡aNásilí z nenávisti, rasismus a média :
‡bjak nepsat černobíle o barevném světě /
‡cKlára Kalibová (ed.) |
|---|
| 250 | | . |
‡aVyd. 1. |
|---|
| 260 | | . |
‡aPraha :
‡bIn IUSTITIA,
‡c2011 |
|---|
| 300 | | . |
‡a67 s. ;
‡c21 cm +
‡eerrata |
|---|
| 504 | | . |
‡aObsahuje bibliografie |
|---|
| 650 | 0 | 7. |
‡anenávist
‡7ph123225
‡2czenas |
|---|
| 650 | 0 | 7. |
‡arasismus
‡7ph125031
‡2czenas |
|---|
| 650 | 0 | 7. |
‡axenofobie
‡7ph127504
‡2czenas |
|---|
| 650 | 0 | 7. |
‡anásilí
‡7ph123444
‡2czenas |
|---|
| 650 | 0 | 7. |
‡anastolování agendy
‡7ph568756
‡2czenas |
|---|
| 650 | 0 | 7. |
‡amediální komunikace
‡7ph122737
‡2czenas |
|---|
| 650 | 0 | 7. |
‡amediální obraz
‡7ph119785
‡2czenas |
|---|
| 650 | 0 | 7. |
‡aobjektivita
‡7ph123585
‡2czenas |
|---|
| 650 | 0 | 9. |
‡ahate
‡2eczenas |
|---|
| 650 | 0 | 9. |
‡aracism
‡2eczenas |
|---|
| 650 | 0 | 9. |
‡axenophobia
‡2eczenas |
|---|
| 650 | 0 | 9. |
‡aviolence
‡2eczenas |
|---|
| 650 | 0 | 9. |
‡aagenda-setting
‡2eczenas |
|---|
| 650 | 0 | 9. |
‡acommunication in mass media
‡2eczenas |
|---|
| 650 | 0 | 9. |
‡amedia coverage
‡2eczenas |
|---|
| 650 | 0 | 9. |
‡aobjectivity
‡2eczenas |
|---|
| 655 | | 7. |
‡akolektivní monografie
‡7fd501537
‡2czenas |
|---|
| 655 | | 9. |
‡acollective monographs
‡2eczenas |
|---|
| 700 | 1 | . |
‡aKalibová, Klára,
‡d1981-
‡7jo2012694096
‡4edt
‡4aut |
|---|
| 856 | 4 | 0. |
‡uhttps://in-ius.cz/wp-content/uploads/2021/04/in-iustitia-publikace-media.pdf
‡yDigitalizovaný |
|---|
| dok | m | e. |
‡ant |
|---|
| 910 | | . |
‡aABG312 |
|---|
| 995 | | . |
‡aska |
|---|
| 901 | | . |
‡a52044
‡bAUTOGEN
‡c52044
‡tbiblio |
|---|